Creer o El Amén de la salvación / (Record no. 30130)

MARC details
000 -LEADER
campo de control de longitud fija 00525nam a2200169 i 4500
001 - NÚMERO DE CONTROL
campo de control 30130
003 - IDENTIFICADOR DE NÚMERO DE CONTROL
campo de control ES-MaACL
005 - FECHA Y HORA DE LA ÚLTIMA TRANSACCIÓN
campo de control 20230906154137.0
007 - CAMPO FIJO DE DESCRIPCIÓN FÍSICA--INFORMACIÓN GENERAL
campo de control de longitud fija t|
008 - DATOS DE LONGITUD FIJA--INFORMACIÓN GENERAL
campo de control de longitud fija 030123s1960 sp ||||1| spa d
100 1# - ENTRADA PRINCIPAL--NOMBRE DE PERSONA
Nombre de persona Bars, Henry.
9 (RLIN) 26091
245 10 - MENCIÓN DEL TÍTULO
Título Creer o El Amén de la salvación /
Mención de responsabilidad, etc. Henry Bars ; traducción española de Marciano Villanueva Salas.
260 ## - PUBLICACIÓN, DISTRIBUCIÓN, ETC.
Lugar de publicación, distribución, etc. Madrid :
Nombre del editor, distribuidor, etc. Studium,
Fecha de publicación, distribución, etc. [1960] (
Fabricante Halar)
300 ## - DESCRIPCIÓN FÍSICA
Extensión 187 p. ;
Dimensiones 19 cm.
700 1# - ENTRADA AGREGADA--NOMBRE PERSONAL
Nombre de persona Villanueva, Marciano.
9 (RLIN) 115029
852 ## - LOCALIZACIÓN
Ubicación ES-MaACL
Número de control de estantería C-18712
Sublocalización o colección R.47024
Holdings
Estatus retirado Estado de pérdida Estado de daño No para préstamo Biblioteca de origen Biblioteca actual Ubicación en estantería Fecha de adquisición Fuente de adquisición Total de préstamos Signatura topográfica completa Código de barras Visto por última vez Precio de reemplazo Tipo de ítem Koha
        Biblioteca del Ateneo de Madrid Biblioteca del Ateneo de Madrid Galería 17/01/2008     C-18712 1031107 23/02/2023 23/02/2023 Libro impreso